Dewey Decimal System Quiz Stats

 Plays Quiz Updated Mar 6, 2013

Score 0/10 Timer 02:00
1 Play Today
Call # Class % Correct
900History and Geography
92.6%
500Science
88.1%
800Literature
64.8%
700Arts and Recreation
60.4%
000Computer Science, Information, and General Works
54.6%
200Religion
42.8%
400Language
40.4%
100Philosophy and Psychology
35.3%
300 Social Sciences
23.6%
600Technology
21.9%

You're not logged in!

Compare scores with friends on all Sporcle quizzes.
OR
Log In

Sporcle TV

Today on Sporcle TV


Watch our educational content, quiz creation guides, and fun videos on Sporcle TV.

Show Comments

Extras

Top Quizzes Today


Score Distribution

Your Account Isn't Verified!

In order to create a playlist on Sporcle, you need to verify the email address you used during registration. Go to your Sporcle Settings to finish the process.

Report this User

Report this user for behavior that violates our Community Guidelines.

Details: